making the bed (Lyrics)- Olivia Rodrigo - Statistics

General Stats
  • This quiz has been taken 77 times
  • The average score is 323 of 386
Answer Stats
Answer % Correct
I
100%
it
100%
a
98%
it's
98%
go
95%
got
95%
so
95%
to
95%
Want
95%
be
93%
But
93%
do
93%
done
93%
am
90%
Another
90%
for
90%
I'm
90%
me
90%
Me
90%
not
90%
of
90%
ruined
90%
the
90%
thing
90%
used
90%
with
90%
away
88%
bed
88%
good
88%
just
88%
makin'
88%
Makin'
88%
my
88%
that
88%
who
88%
all
85%
bein'
85%
can
85%
'cause
85%
could
85%
feel
85%
fun
85%
like
85%
nothing
85%
piece
85%
plastic
85%
say
85%
some
85%
sometimes
85%
Sometimes
85%
where
85%
Where
85%
And
83%
and
83%
been
83%
best
83%
conversation
83%
don't
83%
head
83%
know
83%
throw
83%
who's
83%
at
80%
day
80%
girl
80%
people
80%
sign
80%
tired
80%
wanna
80%
Every
78%
every
78%
forced
78%
on
78%
over
78%
pretendin'
78%
Pull
78%
Push
78%
than
78%
in
76%
oh
76%
older
76%
sheets
76%
Well
76%
well
76%
friends
73%
into
73%
somethin'
73%
things
73%
wanted
73%
as
71%
attraction
71%
club
71%
drunk
71%
light
71%
love
71%
mine
71%
one
71%
out
71%
playing
71%
said
71%
took
71%
victim
71%
can't
68%
Gettin'
68%
happen
68%
imagined
68%
let
68%
moment
68%
perfect
68%
read
68%
red
68%
stop
68%
tell
68%
tourist
68%
turned
68%
what
68%
city
66%
control
66%
doesn't
66%
dream
66%
drivin'
66%
fair-weather
66%
night
66%
off
66%
They
66%
they
66%
thought
66%
up
66%
wake
66%
changin'
63%
dread
63%
life
63%
road
63%
someone
63%
them
63%
this
63%
through
63%
distraction
61%
has
61%
somewhere
61%
machinery
59%
recurrin'
59%
swerve
59%
They're
59%
breaks
56%
yeah
54%
feels
51%
from
51%
regret
49%
beautiful
39%
countin'
22%
No matching quizzes found
Score Distribution
Percent of People with Each Score
Percentile by Number Answered
Your Score History
You have not taken this quiz